000 00225nam a2200097Ia 4500
008 240331s9999 xx 000 0 und d
082 _bARN
100 _aArnold,J.R
245 0 _aj.R.Anold's the galaxy of tamil poets
942 _cL
999 _c4696
_d4696